00714 a2200193 4500999001900000005001700019010001500036020003000051035001400081037001600095082001300111100001800124245006700142260003400209270008300243300002200326942003200348952014000380 c182948d18294820211210160848.0 aENG-130285 c750.00a978-93-89136-75-3 aEN-113817 bDBAD / PUB a641.5636 aSharma, Veena aVegetarain Cuisine from the Himalayan Foothills:cVeena Sharma bNiyogi Booksc2021aNew Delhi mniyogibooks@gmail.comaD-78, Okhla Industrial Area, Phase-IbNew Delhie110020 a152p.c21cm (pbk) adplcEN2ddch641.5636mSHA 001040708NFICaBL4bBL4d2021-12-10eDBAD/PUBg750.00l1m2o641.5636 SHApEN-113817r2023-12-08 00:00:00s2023-11-06t1v750.00yEN